Transformácia slovenskej ekonomiky a otázky jej zapojenia do Európskej únie medzinárodná vedecká konferencia NHF EU

Gespeichert in:
Bibliographische Detailangaben
1. Verfasser: Piovarčiová, Veronika, 1951-
Format: Buchkapitel
Sprache:Slowakisch
Tags: Tag hinzufügen
Keine Tags, Fügen Sie das erste Tag hinzu!

MARC

LEADER 00000naa$a2200000$$$4500
001 0112081
005 20240502072237.3
041 0 |a slo 
044 |a SK 
245 1 0 |a Transformácia slovenskej ekonomiky a otázky jej zapojenia do Európskej únie  |b medzinárodná vedecká konferencia NHF EU  |c Veronika Piovarčiová 
100 1 |a Piovarčiová, Veronika, 1951-